Jugadores con más tarjetas en la historia de La Liga - Estadísticas

Estadísticas generales
  • Esta prueba ha sido intentada 85 veces
  • La puntuación promedio es 5 de 35
Estadísticas de respuestas
Total Tarjetas Tarjetas Amarillas Tarjetas Rojas Directas Jugador % Correcto
188 181 7 Sergio Ramos
100%
118 114 4 Piqué
69%
156 147 9 Hierro
45%
104 90 14 Alfaro
37%
125 121 4 Dani Alves
30%
117 115 2 Fernando Navarro
30%
129 129 0 Busquets
25%
103 99 4 Godín
23%
159 152 7 Raúl García
18%
117 109 8 Ballesteros
13%
122 118 4 Damián Suárez
11%
114 109 5 Marchena
11%
108 103 5 Aduriz
10%
155 151 4 Albelda
10%
122 117 5 Juanfran
10%
116 113 3 Míchel Salgado
10%
102 98 4 Amorebieta
8%
112 111 1 Baraja
6%
139 139 0 Gabi
6%
157 154 3 Lopo
4%
115 113 2 Parejo
4%
104 97 7 Aguado
3%
106 101 5 Munitis
3%
104 100 4 Soldado
3%
112 108 4 Alexis Ruano
1%
102 102 0 Gurpegui
1%
146 143 3 Puñal
1%
113 107 6 Santi Denia
1%
101 100 1 Dani García
0%
107 105 2 Iñigo Martínez
0%
124 119 5 Loren
0%
107 104 3 Pape Diop
0%
105 101 4 Patxi Ferreira
0%
106 105 1 Rubén Pérez
0%
120 118 2 Víctor Sánchez
0%
No se encontraron pruebas coincidentes
Distribución de puntuación
Porcentaje de gente con cada puntuación
Porcentaje por número respondido
Historial de tus puntuaciones
No has intentado esta prueba.